000 00816nas a2200265 4500
001 BR8102974
003 BR-BrBNA
005 20231205084736.0
007 ta
008 230509b bl.|||p| |||| 00| 00por d
040 _aBR-BrBNA
_bpor
_cBiblioteca Nacional de Agricultura
041 _a(Pt)
072 _aL10; L73
100 1 _aMurray, M.
245 1 _aGenetica da tripanotolerancia [Genetica animal; Bovino; Bos taurus; Tripanossomiase]
650 _aMelhoramento genetico animal
650 _aDoenca animal
650 _aBovino
650 _aTripanossomiase
650 _aGenetica animal
650 _aVariedade resistente
773 0 _tRevista dos Criadores (Brazil)
_xISSN 0034-9259
_g(Sep 1981), v. 51(620) p. 53-54
_wBR8102974
909 _a202311
_bLúcia
_c55
_dLúcia Elande
942 _2AGRIS
_n0
_cANA
999 _c106995
_d106995